A-Z of Words used by Tolkien Quiz Stats

Quiz not verified by Sporcle

Challenge
Share
Tweet
Embed
Score 0/25 Timer 05:00
0 Plays Today
Definition Word % Correct
items thrown overboard from a ship, and later washed ashorejetsam
73.9%
the valley of a rivervale
69.7%
one eighth of a milefurlong
66.4%
from wherewhence
66.4%
highest pointzenith
66.4%
set fire to, begin to burnkindle
63.9%
a word meaning both 'old man' and 'foreman'gaffer
58%
drink deeplyquaff
56.3%
robust, strong of bodyhale
48.7%
catch sight ofespy
47.9%
silverargent
43.7%
omen, signportent
42.9%
shelter, especially from wind and weatherlee
40.3%
Definition Word % Correct
pleasant-lookingcomely
35.3%
evil, wrongill
31.9%
mountain laketarn
29.4%
give aidsuccour
21.8%
a small streamrill
20.2%
speak or recite passionatelydeclaim
16.8%
bowing or kneeling in submissionobeisance
15.1%
wail, weep, cryyammer
15.1%
lowest, deepestnethermost
12.6%
criticiseupbraid
11.8%
a type of gullmew
8.4%
stupid personbooby
6.7%

You're not logged in!

Compare scores with friends on all Sporcle quizzes.
Join for Free
OR
Log In

You Might Also Like...

Show Comments

Extras

Top Quizzes Today


Score Distribution

Your Account Isn't Verified!

In order to create a playlist on Sporcle, you need to verify the email address you used during registration. Go to your Sporcle Settings to finish the process.

Report this User

Report this user for behavior that violates our Community Guidelines.

Details: